Nuclear magnetic relaxation. A reprint volume
Saved in:
| Hovedforfatter: | |
|---|---|
| Format: | Bog |
| Sprog: | engelsk |
| Udgivet: |
Nueva York
W. A. Benjamin
1961
|
| Serier: | Frontiers in physics
|
| Fag: | |
| Tags: |
Tilføj Tag
Ingen Tags, Vær først til at tagge denne postø!
|
MARC
| LEADER | 00000nam a2200000 a 4500 | ||
|---|---|---|---|
| 001 | UCT2090 | ||
| 003 | CL-VaPUC | ||
| 008 | 961004e19610000US |||||||||||||||||eng|d | ||
| 082 | 0 | 4 | |a 538.362 |b BLO |2 21 |
| 100 | 0 | |a Bloembergen, N |e author |9 371158 | |
| 245 | 1 | 0 | |a Nuclear magnetic relaxation. A reprint volume |
| 300 | |a 178 p | ||
| 942 | |c BK | ||
| 945 | |d 19961004 00:00:00 |a paguirre | ||
| 260 | |a Nueva York |b W. A. Benjamin |c 1961 | ||
| 650 | 7 | |a NUCLEOS MAGNETICOS |2 CL-VaPUC |9 361224 | |
| 650 | 0 | |a Magnetismo |9 260336 | |
| 650 | 7 | |a RESONANCIA MAGNETICA NUCLEAR |2 CL-VaPUC |9 370332 | |
| 650 | 7 | |a PROPIEDADES NUCLEARES |2 CL-VaPUC |9 370974 | |
| 650 | 7 | |a FISICA NUCLEAR |2 CL-VaPUC |9 270366 | |
| 583 | |a last modification |c 19961004 00:00:00 |k Rodrigo Vera | ||
| 490 | 0 | |a Frontiers in physics | |
| 999 | |c 252357 |d 252355 | ||
| 952 | |0 0 |1 0 |4 0 |6 538_362000000000000_BLO_1961 |7 0 |8 A |9 272166 |a BIBCUR |b BIBCUR |d 2019-11-19 |i 1757881 |o 538.362 BLO 1961 |p 1757881 |r 2025-04-22 |w 2019-11-19 |y BK |k BCB | ||